| 000 | 00520nam a2200157 i 4500 | ||
|---|---|---|---|
| 001 | 73955 | ||
| 003 | ES-MaACL | ||
| 005 | 20230906171953.0 | ||
| 007 | t| | ||
| 008 | 040914s1981 sp ||||1| spa d | ||
| 100 | 1 |
_aGonzález Ballesteros, Teodoro. _958442 |
|
| 245 | 1 | 4 |
_aLos derechos de réplica y de rectificación en la prensa, radio y televisión / _cTeodoro González Ballesteros. |
| 260 |
_a[Madrid : _bs.n.], _c[1981] ( _e[Reus : _fGrefol]) |
||
| 300 |
_a263 p. ; _c21 cm. |
||
| 852 |
_aES-MaACL _jL-1326 _bR.101496 |
||
| 999 |
_c73955 _d73955 |
||